00813nam a22002177a 4500003001100000005001700011008004100028020001500069040003900084041000800123082001500131100002000146130009500166245004000261260003900301300004300340490006100383650005000444650004000494650006100534LK-CoMWRAF20240118154556.0231211b2001 |||||||| |||| 00| 0 eng d a9555820058 aLK-CoMWRAFdLK-CoMWRAFeLK-CoMWRAF aeng a303.6bPHI a Philipson, Liz aA history of ethnic conflict in Sri Lanka: recollection, reinterpretation & reconciliation a Negotiating processes in Sri Lanka aColombo:b Marga Institute, c2001 a22 p. ; 23 cm. bBibliography included aMarga monograph series on ethnic reconciliation vno. 2 aSri Lanka- Ethnic relations-Political aspects aSri Lanka- Politics and government  aTamil (Indic people)- Sri Lanka- Politics and government